Catalog

Record Details

Catalog Search



Be Real : 1 John.Throw away your mask and take a realistic look at love and right living in an age which knows little of either Cover Image Book Book

Be Real : 1 John.Throw away your mask and take a realistic look at love and right living in an age which knows little of either Warren W. Wiersbe

Wiersbe, Warren W. (Author).

Record details

  • ISBN: 0-89693-774-7
  • Physical Description: 190 p.
  • Publisher: Colorado Springs Victor Books 1972

Available copies

  • 1 of 1 copy available at Common Catalog SPOK.

Holds

  • 0 current holds with 1 total copy.
Show Only Available Copies
Location Call Number / Copy Notes Barcode Shelving Location Status Due Date
ETS Library 227.94 424470010515 Volný výběr Available -

LDR 00712nam a2 00241
00138578
003CZ-PrJAB
00520060123000000.0
008060123s1972 xxu e |||| |eng
009us
020 . ‡a0-89693-774-7
035 . ‡a(CONS)586
035 . ‡aKPS12303
040 . ‡aABG450
041 . ‡aeng
08214. ‡a227.94
100 . ‡7290 ‡aWiersbe, Warren W.
245 . ‡aBe Real : ‡b1 John.Throw away your mask and take a realistic look at love and right living in an age which knows little of either ‡cWarren W. Wiersbe
260 . ‡aColorado Springs ‡bVictor Books ‡c1972
300 . ‡a190 p.
653 . ‡aBe Real
8524 . ‡bETS ‡bETS ‡cVolný výběr ‡j227.94 ‡gA ‡p424470010515
910 . ‡aABG450
999 . ‡a586 ‡bAUTOGEN ‡c586 ‡tbiblio
905 . ‡uadmin
901 . ‡a38578 ‡b ‡c38578 ‡tbiblio ‡sets

Additional Resources